[Event "SVK-chT3B2 1920"]
[Site "Slovakia"]
[Date "2019.10.06"]
[Round "1.7"]
[White "Dubnicka, Ferdinand"]
[Black "Baran, Kamil"]
[Result "0-1"]
[WhiteElo "1554"]
[BlackElo "1597"]
[PlyCount "74"]
[EventDate "2019.10.06"]
[EventType "team-tourn"]
[EventRounds "11"]
[EventCountry "SVK"]
[SourceTitle "CBM 193 Extra"]
[Source "ChessBase"]
[SourceDate "2020.01.31"]
[SourceVersion "1"]
[SourceVersionDate "2020.01.31"]
[SourceQuality "1"]
[WhiteTeam "Dubnica nad Vahom III"]
[BlackTeam "Povazske Podhradie"]
[WhiteTeamCountry "SVK"]
[BlackTeamCountry "SVK"]

1. e4 e5 2. Nf3 Nc6 3. Bb5 Nf6 4. Nc3 Bb4 5. d3 d6 6. Bg5 h6 7. Bh4 0-0 8. 0-0 Be6 9. h3 a6 10. Bc4 Bxc4 11. dxc4 Bxc3 12. bxc3 b6 13. Qd3 Na5 14. Nh2 g5 15. Bg3 Nb7 16. f3 Nh5 17. Be1 Nf4 18. Qd2 Qd7 19. Ng4 Kg7 20. Bg3 Qe6 21. Bxf4 gxf4 22. Qe2 h5 23. Nf2 Na5 24. Nd1 Nxc4 25. Qf2 Rg8 26. Qh4 Kh6 27. Kh2 Rg3 28. Rf2 Rag8 29. Re2 Qg6 30. Qxg3 Qxg3+ 31. Kh1 a5 32. a4 Rg7 33. Rb1 Qh4 34. Nb2 Ne3 35. Rg1 Rg3 36. Kh2 Nxg2 37. Rgxg2 Rxh3+ 0-1

[Event "SVK-ch U16"]
[Site "Liptovsky Mikulas"]
[Date "2019.04.23"]
[Round "1"]
[White "Beres, Tomas"]
[Black "Baran, Kamil"]
[Result "1-0"]
[WhiteElo "1865"]
[BlackElo "1458"]
[PlyCount "63"]
[EventDate "2019.04.23"]
[EventType "swiss"]
[EventRounds "9"]
[EventCountry "SVK"]
[SourceTitle "CBM 190 Extra"]
[Source "ChessBase"]
[SourceDate "2019.07.15"]
[SourceVersion "1"]
[SourceVersionDate "2019.07.15"]
[SourceQuality "1"]

1. e4 e5 2. Nf3 Nc6 3. Bb5 a6 4. Ba4 Nf6 5. d3 b5 6. Bb3 Be7 7. 0-0 d6 8. c3 0-0 9. Re1 Nb8 10. a4 Bb7 11. Nbd2 Nbd7 12. axb5 axb5 13. Rxa8 Bxa8 14. Nf1 c5 15. Ng3 g6 16. Bh6 Re8 17. h4 Qc7 18. Ng5 c4 19. Bc2 Bf8 20. Bxf8 Rxf8 21. h5 Nc5 22. hxg6 hxg6 23. d4 Ncd7 24. Qd2 Qa7 25. Nh3 exd4 26. cxd4 Qa2 27. e5 dxe5 28. dxe5 Nd5 29. e6 N7f6 30. exf7+ Kxf7 31. Qh6 Rg8 32. Ng5# 1-0

[Event "SVK-chT3B2 1819"]
[Site "Slovakia"]
[Date "2019.04.14"]
[Round "11.8"]
[White "Zabka, Andrej"]
[Black "Baran, Kamil"]
[Result "0-1"]
[WhiteElo "1405"]
[BlackElo "1415"]
[PlyCount "42"]
[EventDate "2018.10.21"]
[EventType "team-tourn"]
[EventRounds "11"]
[EventCountry "SVK"]
[SourceTitle "EXT 2020"]
[Source "ChessBase"]
[SourceDate "2019.10.17"]
[SourceVersion "1"]
[SourceVersionDate "2019.10.17"]
[SourceQuality "1"]
[WhiteTeam "Handlova"]
[BlackTeam "Povazske Podhradie "]
[WhiteTeamCountry "SVK"]
[BlackTeamCountry "SVK"]

1. b3 d5 2. Bb2 c5 3. e3 Nc6 4. Nf3 Nf6 5. h3 e6 6. d4 Be7 7. Bb5 Qa5+ 8. Nc3 Ne4 9. Qd3 f5 10. 0-0 0-0 11. Bxc6 bxc6 12. Ne5 Ba6 13. Nxc6 Bxd3 14. Nxa5 Bxf1 15. Nxe4 dxe4 16. Kxf1 Bf6 17. Ba3 Rac8 18. Bxc5 Rxc5 19. dxc5 Bxa1 20. c6 Bc3 21. Nb7 Rc8 0-1

[Event "SVK-chT3B2 1819"]
[Site "Slovakia"]
[Date "2019.03.24"]
[Round "10.7"]
[White "Huska, Jan"]
[Black "Baran, Kamil"]
[Result "1-0"]
[WhiteElo "1715"]
[BlackElo "1415"]
[PlyCount "63"]
[EventDate "2018.10.21"]
[EventType "team-tourn"]
[EventRounds "11"]
[EventCountry "SVK"]
[SourceTitle "CBM 189 Extra"]
[Source "ChessBase"]
[SourceDate "2019.06.03"]
[SourceVersion "1"]
[SourceVersionDate "2019.06.03"]
[SourceQuality "1"]
[WhiteTeam "Bojnice"]
[BlackTeam "Povazske Podhradie "]
[WhiteTeamCountry "SVK"]
[BlackTeamCountry "SVK"]

1. d4 d5 2. Bf4 Nf6 3. e3 c5 4. c3 Nc6 5. Bd3 Bg4 6. Nf3 e6 7. h3 Bh5 8. Nbd2 cxd4 9. exd4 Bd6 10. Bxd6 Qxd6 11. 0-0 0-0 12. Qb1 Rab8 13. a4 a6 14. Re1 b5 15. axb5 axb5 16. Ra6 Qc7 17. Ne5 Nxe5 18. dxe5 Nd7 19. Bxh7+ Kh8 20. g4 g6 21. gxh5 Kxh7 22. hxg6+ fxg6 23. Rxe6 Rf5 24. Re7+ Kh6 25. Qd3 Qc5 26. Qe3+ Rg5+ 27. Kf1 Qxe7 28. h4 Qxe5 29. hxg5+ Qxg5 30. Qh3+ Qh5 31. Qxd7 Qh1+ 32. Ke2 1-0

[Event "SVK-chT3B2 1819"]
[Site "Slovakia"]
[Date "2018.11.25"]
[Round "3.7"]
[White "Lukac, Jozef1111"]
[Black "Baran, Kamil"]
[Result "0-1"]
[WhiteElo "1528"]
[BlackElo "1415"]
[PlyCount "72"]
[EventDate "2018.10.21"]
[EventType "team-tourn"]
[EventRounds "11"]
[EventCountry "SVK"]
[SourceTitle "CBM 189 Extra"]
[Source "ChessBase"]
[SourceDate "2019.06.03"]
[SourceVersion "1"]
[SourceVersionDate "2019.06.03"]
[SourceQuality "1"]
[WhiteTeam "Lehota pod Vtacnikom"]
[BlackTeam "Povazske Podhradie "]
[WhiteTeamCountry "SVK"]
[BlackTeamCountry "SVK"]

1. e4 e5 2. Nf3 Nc6 3. c3 Nf6 4. d4 exd4 5. e5 Nd5 6. cxd4 d6 7. Bb5 Bd7 8. Qb3 Nb6 9. d5 Nxe5 10. Nxe5 dxe5 11. 0-0 Bxb5 12. Qxb5+ Qd7 13. Qxd7+ Nxd7 14. Nc3 0-0-0 15. Be3 Nf6 16. Bg5 Bb4 17. Rfd1 Rd7 18. Bxf6 gxf6 19. a3 Ba5 20. b4 Bb6 21. Rd3 f5 22. Rad1 Rhd8 23. a4 Bd4 24. Ne2 Rxd5 25. Nxd4 Rxd4 26. Rxd4 Rxd4 27. Rxd4 exd4 28. Kf1 Kd7 29. Ke2 Kd6 30. Kd3 Kd5 31. h3 a5 32. b5 c6 33. bxc6 bxc6 34. f4 c5 35. g4 fxg4 36. hxg4 c4+ 0-1

[Event "SVK-chT3B2 1819"]
[Site "Slovakia"]
[Date "2018.11.11"]
[Round "2.7"]
[White "Baran, Kamil"]
[Black "Mysiak, Juraj"]
[Result "1/2-1/2"]
[WhiteElo "1415"]
[BlackElo "1814"]
[PlyCount "67"]
[EventDate "2018.10.21"]
[EventType "team-tourn"]
[EventRounds "11"]
[EventCountry "SVK"]
[SourceTitle "CBM 189 Extra"]
[Source "ChessBase"]
[SourceDate "2019.06.03"]
[SourceVersion "1"]
[SourceVersionDate "2019.06.03"]
[SourceQuality "1"]
[WhiteTeam "Povazske Podhradie "]
[BlackTeam "Povazska Bystrica Sparta"]
[WhiteTeamCountry "SVK"]
[BlackTeamCountry "SVK"]

1. e4 Nf6 2. e5 Nd5 3. d4 d6 4. c4 Nb6 5. exd6 exd6 6. Nf3 Nc6 7. Be2 Be7 8. 0-0 0-0 9. Nc3 Bg4 10. h3 Bh5 11. b3 Re8 12. Bb2 Bf6 13. d5 Ne5 14. Nxe5 Bxe2 15. Nxe2 Bxe5 16. Bxe5 Rxe5 17. Nd4 a6 18. Re1 Qf6 19. Nf3 Ree8 20. Qd4 Nd7 21. Qxf6 Nxf6 22. Rxe8+ Rxe8 23. Re1 Rxe1+ 24. Nxe1 Ne4 25. Nf3 Nc3 26. a3 Kf8 27. Kf1 Ke7 28. Nd4 Ne4 29. Ke2 g6 30. Ke3 Nc5 31. g4 a5 32. f4 Kf6 33. g5+ Ke7 34. h4 1/2-1/2

[Event "SVK-chT3B2 1819"]
[Site "Slovakia"]
[Date "2018.10.21"]
[Round "1.7"]
[White "Chlebana, Dusan"]
[Black "Baran, Kamil"]
[Result "1-0"]
[WhiteElo "1549"]
[BlackElo "1415"]
[PlyCount "55"]
[EventDate "2018.10.21"]
[EventType "team-tourn"]
[EventRounds "11"]
[EventCountry "SVK"]
[SourceTitle "CBM 189 Extra"]
[Source "ChessBase"]
[SourceDate "2019.06.03"]
[SourceVersion "1"]
[SourceVersionDate "2019.06.03"]
[SourceQuality "1"]
[WhiteTeam "Nemsova Horne Srnie"]
[BlackTeam "Povazske Podhradie "]
[WhiteTeamCountry "SVK"]
[BlackTeamCountry "SVK"]

1. d4 d5 2. e3 Nf6 3. c4 e6 4. Nc3 Be7 5. Nf3 0-0 6. Be2 dxc4 7. Bxc4 Nbd7 8. 0-0 b6 9. d5 exd5 10. Bxd5 Nxd5 11. Qxd5 Ba6 12. Rd1 Bd6 13. Qc6 Nf6 14. e4 Qe7 15. Bg5 Qe6 16. e5 Rab8 17. exd6 Bb7 18. Qxc7 Qg4 19. Rd4 Qh5 20. Bxf6 Bxf3 21. gxf3 Qg6+ 22. Kf1 Qxf6 23. Rad1 Qxf3 24. d7 Qh1+ 25. Ke2 Rbe8+ 26. dxe8Q Rxe8+ 27. Kd2 Qf3 28. Rf4 1-0

[Event "SVK-ch U16"]
[Site "Liptovsky Mikulas"]
[Date "2018.04.27"]
[Round "9"]
[White "Steiniger, Florian"]
[Black "Baran, Kamil"]
[Result "1-0"]
[WhiteElo "1777"]
[BlackElo "1000"]
[PlyCount "59"]
[EventDate "2018.04.21"]
[EventType "swiss"]
[EventRounds "9"]
[EventCountry "SVK"]
[SourceTitle "CBM 184 Extra"]
[Source "ChessBase"]
[SourceDate "2018.06.28"]
[SourceVersion "1"]
[SourceVersionDate "2018.06.28"]
[SourceQuality "1"]

1. e4 e5 2. Nf3 Nc6 3. d4 exd4 4. Bc4 Bc5 5. c3 dxc3 6. Bxf7+ Kxf7 7. Qd5+ Ke8 8. Qxc5 Qe7 9. Qc4 Nf6 10. 0-0 d6 11. Nxc3 Be6 12. Qa4 Rf8 13. Bf4 Kf7 14. Rfe1 Kg8 15. e5 dxe5 16. Nxe5 Nxe5 17. Rxe5 Qf7 18. Bg3 Ng4 19. Re4 Nf6 20. Rf4 Bd7 21. Qc2 Bc6 22. Bh4 g5 23. Bxg5 Qg7 24. Qb3+ Kh8 25. Rxf6 Qxg5 26. Rxf8+ Rxf8 27. g3 Rxf2 28. Kxf2 Qf6+ 29. Ke1 Qd4 30. Ne2 1-0